Statystyki dla Największe miasta w Europejskich Krajach (ludność)

Kliknij tutaj aby rozwiązać quiz!

Ogólne statystyki

  • Ten quiz został rozwiązany 412 razy
  • Średni wynik to 10 z 15

Statystyki odpowiedzi

KrajMiasto% Poprawnych
1. FrancjaParyż
100%
2. HiszpaniaBarcelona
98%
1. HIszpaniaMadryt
98%
1. UkrainaKijów
97%
1. PortugaliaLizbona
97%
2. PortugaliaPorto
86%
3. FrancjaLyon
83%
2. FrancjaMarsylia
83%
2. UkrainaCharków
65%
3. HiszpaniaWalencja
65%
1. BelgiaAntwerpia
52%
3. UkrainaOdessa
47%
2. BelgiaGandawa
34%
3. BelgiaCharleroi
5%
3. PortugaliaVila Nova de Gaia
1%

Rozkład punktacji

Percentyl według liczby udzielonych odpowiedzi

Procent ludzi z każdym wynikiem

Twoja historia wyników

Nie rozwiązałeś tego quizu